| 000 | 07397 a2200601 4500 | ||
|---|---|---|---|
| 008 | 090408t xxu||||| |||| 00| 0 eng d | ||
| 010 | _aENG-88969 B-281194-223 | ||
| 020 |
_c450.00 _a0195692381 |
||
| 020 |
_c450.00 _a9780195692389 |
||
| 035 | _aEN-72502 B-281194-223 | ||
| 037 | _bD.B.Act / Pub | ||
| 040 |
_adpl _bEnglish |
||
| 082 | _a841.092 | ||
| 245 |
_aThe Oxford India Ghalib: _cedited by Ralph Russell _blife, letters and Ghazals / |
||
| 260 |
_aNew Delhi _bOxford University Press _c2007 |
||
| 270 |
_aYMCA Library building, Jai Singh Road _bNew Delhi _e110001 |
||
| 300 |
_aviii, 572p. _c22cm. (pbk) |
||
| 700 | _aRussell, Ralph | ||
| 942 |
_adpl _cEN _2ddc _h841.092 _mTHE |
||
| 999 |
_c25678 _d25678 |
||